Business law / (Record no. 7346)

MARC details
000 -LEADER
fixed length control field 00416nam a22001577a 4500
008 - FIXED-LENGTH DATA ELEMENTS--GENERAL INFORMATION
fixed length control field 150703b xxu||||| |||| 00| 0 eng d
020 ## - INTERNATIONAL STANDARD BOOK NUMBER
International Standard Book Number 978 1 408254196
082 ## - DEWEY DECIMAL CLASSIFICATION NUMBER
Classification number 346.07 RIC
100 ## - MAIN ENTRY--PERSONAL NAME
Personal name Riches, Sarah
245 ## - TITLE STATEMENT
Title Business law /
Statement of responsibility, etc Sarah Riches
250 ## - EDITION STATEMENT
Edition statement 10th ed
260 ## - PUBLICATION, DISTRIBUTION, ETC. (IMPRINT)
Place of publication, distribution, etc England :
Name of publisher, distributor, etc PEARSON,
Date of publication, distribution, etc 2011.
300 ## - PHYSICAL DESCRIPTION
Extent xliii, 582p. :
Other physical details ill. col. ;
Dimensions 25cm.
500 ## - GENERAL NOTE
General note Includes index
942 ## - ADDED ENTRY ELEMENTS (KOHA)
Source of classification or shelving scheme Dewey Decimal Classification
Item type Books
Holdings
Withdrawn status Lost status Source of classification or shelving scheme Damaged status Not for loan Home library Current library Shelving location Date acquired Total Checkouts Full call number Date last seen Copy number Price effective from Koha item type
    Dewey Decimal Classification     Law Development Centre Main Library Law Development Centre Main Library Text Books and Laws 07/03/2015   346.07 RIC 07/03/2015 003 07/03/2015 Books